[Event "Aix en Provence Dole op 2nd"]
[Site "Aix en Provence"]
[Date "2024.07.26"]
[Round "7"]
[White "Kazhgaleyev, Murtas"]
[Black "Puranik, Abhimanyu Sameer"]
[Result "1/2-1/2"]
[WhiteElo "2458"]
[BlackElo "2634"]
[PlyCount "126"]
[EventDate "2024.07.20"]
[EventType "swiss"]
[EventRounds "9"]
[EventCountry "FRA"]
[SourceTitle "CBM 221 Extra"]
[Source "ChessBase"]
[SourceDate "2024.09.30"]
[SourceVersion "1"]
[SourceVersionDate "2024.09.30"]
[SourceQuality "1"]

1. d4 Nf6 2. c4 g6 3. g3 Bg7 4. Bg2 d5 5. cxd5 Nxd5 6. e4 Nb6 7. Ne2 c5 8. d5 e6 9. 0-0 0-0 10. Nec3 Na6 11. h4 exd5 12. exd5 Bf5 13. Bg5 Qd7 14. Nd2 h6 15. Bf4 Nb4 16. Nde4 Bxe4 17. Nxe4 N4xd5 18. Bd6 Bxb2 19. Rb1 Bd4 20. Bxf8 Rxf8 21. Qc1 Re8 22. Qxh6 c4 23. Rfd1 Bg7 24. Qg5 Re5 25. Qc1 Qe7 26. Ng5 c3 27. Rb5 Nb4 28. Rxe5 Bxe5 29. Re1 Qc7 30. Re2 Bd4 31. a3 Nd3 32. Qc2 Nxf2 33. Rxf2 Qxg3 34. Ne4 Qe5 35. Kh1 Bxf2 36. Qxf2 Nd5 37. Qc5 b6 38. Qc4 b5 39. Qc8+ Kg7 40. Qc5 a5 41. Nf2 Qe1+ 42. Kh2 Ne3 43. Ne4 Qxh4+ 44. Kg1 Qe1+ 45. Kh2 Qh4+ 46. Kg1 Nxg2 47. Qe5+ Kf8 48. Qb8+ Kg7 49. Qe5+ f6 50. Qe7+ Kh6 51. Kxg2 Qg4+ 52. Kf2 Qf4+ 53. Kg2 Qg4+ 54. Kf2 Qh4+ 55. Kg2 c2 56. Qf8+ Kh7 57. Qe7+ Kh6 58. Qf8+ Kh5 59. Qc5+ f5 60. Ng3+ Kg4 61. Qd4+ Kg5 62. Qd8+ Kg4 63. Qd4+ Kg5 1/2-1/2

[Event "Aix en Provence Dole op 2nd"]
[Site "Aix en Provence"]
[Date "2024.07.24"]
[Round "5"]
[White "Stremavicius, Titas"]
[Black "Kazhgaleyev, Murtas"]
[Result "0-1"]
[WhiteElo "2538"]
[BlackElo "2458"]
[PlyCount "84"]
[EventDate "2024.07.20"]
[EventType "swiss"]
[EventRounds "9"]
[EventCountry "FRA"]
[SourceTitle "CBM 221 Extra"]
[Source "ChessBase"]
[SourceDate "2024.09.30"]
[SourceVersion "1"]
[SourceVersionDate "2024.09.30"]
[SourceQuality "1"]

1. Nf3 g6 2. d4 Bg7 3. g3 d5 4. Bg2 c6 5. 0-0 Nf6 6. b3 0-0 7. c4 a5 8. Nc3 Ne4 9. Bb2 Bf5 10. e3 Nxc3 11. Bxc3 Be4 12. Qe2 a4 13. Rfc1 Qb6 14. b4 Nd7 15. Bh3 Nf6 16. Ne5 dxc4 17. Qxc4 Bd5 18. Qf1 Rfd8 19. Nc4 Qc7 20. Nd2 b5 21. a3 h5 22. Bb2 Qb7 23. Bg2 Rac8 24. Rc2 Bxg2 25. Qxg2 Qd7 26. Rac1 Nd5 27. Ne4 Qe8 28. Nc5 e5 29. Nb7 Rd7 30. Na5 exd4 31. Bxd4 Bxd4 32. exd4 Rd6 33. Nb7 Re6 34. Qf3 Rc7 35. Nc5 Rf6 36. Qd1 h4 37. Qg4 Re7 38. Kg2 Rf5 39. Rd1 Nf6 40. Qxh4 Re2 41. Rxe2 Qxe2 42. Rf1 Ng4 0-1

[Event "Wch Blitz"]
[Site "Samarkand"]
[Date "2023.12.30"]
[Round "16"]
[White "Chinguun, Sumiya"]
[Black "Kazhgaleyev, Murtas"]
[Result "0-1"]
[WhiteElo "2319"]
[BlackElo "2490"]
[PlyCount "98"]
[EventDate "2023.12.29"]
[EventType "swiss (blitz)"]
[EventRounds "21"]
[EventCountry "UZB"]
[SourceTitle "CBM 217 Extra"]
[Source "ChessBase"]
[SourceDate "2024.01.31"]
[SourceVersion "1"]
[SourceVersionDate "2024.01.31"]
[SourceQuality "1"]

1. e4 c5 2. Nc3 e6 3. Nf3 a6 4. d4 cxd4 5. Nxd4 b5 6. Bd3 Bb7 7. 0-0 Nc6 8. Be3 Qc7 9. Kh1 Nf6 10. f4 b4 11. Nce2 Nxd4 12. Bxd4 Nxe4 13. f5 e5 14. Be3 Be7 15. Bxe4 Bxe4 16. Ng3 Bc6 17. Qg4 h5 18. Qxg7 0-0-0 19. f6 Bd6 20. Rf2 h4 21. Nf5 h3 22. Rd1 Bxg2+ 23. Rxg2 hxg2+ 24. Qxg2 Bf8 25. c3 Qb7 26. Rd5 bxc3 27. bxc3 Qb1+ 28. Bg1 Qxf5 29. Rb5 d5 30. Rxd5 Bd6 31. Rd1 e4 32. Rf1 Qd5 33. c4 Qc6 34. c5 Bc7 35. Rb1 Rd5 36. Qg4+ Qe6 37. Qg7 Rdh5 38. Rb2 e3 39. Qg2 Qd5 40. Qxd5 Rxd5 41. Kg2 Rg5+ 42. Kf1 Rxg1+ 43. Kxg1 Rxh2 44. Rb1 Rxa2 45. Re1 Bg3 46. Rb1 e2 47. c6 e1Q+ 48. Rxe1 Bxe1 49. c7 Kxc7 0-1

[Event "Wch Blitz"]
[Site "Samarkand"]
[Date "2023.12.30"]
[Round "19"]
[White "Kazhgaleyev, Murtas"]
[Black "Sattarov, Bobir"]
[Result "1-0"]
[WhiteElo "2490"]
[BlackElo "2353"]
[PlyCount "83"]
[EventDate "2023.12.29"]
[EventType "swiss (blitz)"]
[EventRounds "21"]
[EventCountry "UZB"]
[SourceTitle "CBM 217 Extra"]
[Source "ChessBase"]
[SourceDate "2024.01.31"]
[SourceVersion "1"]
[SourceVersionDate "2024.01.31"]
[SourceQuality "1"]

1. d4 g6 2. c4 Bg7 3. e4 c5 4. d5 d6 5. Bd3 e6 6. Nc3 exd5 7. cxd5 Ne7 8. h4 h6 9. Nge2 a6 10. a4 Nd7 11. Ng3 h5 12. Bg5 Qc7 13. 0-0 Ne5 14. Rc1 0-0 15. Be2 f6 16. Be3 f5 17. f4 Nf7 18. Qd2 fxe4 19. Ncxe4 Nf5 20. Nxf5 Bxf5 21. Ng3 Nh6 22. b4 b6 23. a5 Qe7 24. Bf2 cxb4 25. axb6 Bc3 26. Rxc3 bxc3 27. Qxc3 a5 28. Bb5 Ng4 29. Nxf5 Rxf5 30. Bc6 Raf8 31. g3 g5 32. hxg5 h4 33. b7 Qe2 34. Bd7 h3 35. Qe1 Qf3 36. Qe6+ Kh7 37. Qxf5+ Rxf5 38. Bxf5+ Kg8 39. b8Q+ Kf7 40. Qc7+ Kf8 41. Qd8+ Kf7 42. g6+ 1-0

[Event "Wch Blitz"]
[Site "Samarkand"]
[Date "2023.12.30"]
[Round "12"]
[White "Kazhgaleyev, Murtas"]
[Black "Shogdzhiev, Roman Sav"]
[Result "1-0"]
[WhiteElo "2490"]
[BlackElo "1901"]
[PlyCount "113"]
[EventDate "2023.12.29"]
[EventType "swiss (blitz)"]
[EventRounds "21"]
[EventCountry "UZB"]
[SourceTitle "CBM 217 Extra"]
[Source "ChessBase"]
[SourceDate "2024.01.31"]
[SourceVersion "1"]
[SourceVersionDate "2024.01.31"]
[SourceQuality "1"]

1. d4 d5 2. c4 c6 3. Nc3 Nf6 4. e3 e6 5. Nf3 Nbd7 6. Bd3 dxc4 7. Bxc4 b5 8. Bb3 Bb7 9. 0-0 a6 10. e4 b4 11. e5 bxc3 12. exf6 Nxf6 13. bxc3 Bd6 14. Bg5 0-0 15. Rb1 Rb8 16. Bc2 h6 17. Bh4 Be7 18. Qd3 g6 19. Ne5 Qe8 20. Rfe1 Nd7 21. Bg3 Ba8 22. Nxg6 fxg6 23. Bxb8 Nxb8 24. Rxb8 Qf7 25. Rxf8+ Bxf8 26. Qxg6+ Qxg6 27. Bxg6 c5 28. dxc5 Bd5 29. Be4 Bxa2 30. c6 Bd6 31. Rd1 Bf4 32. Rd7 a5 33. c7 Bxc7 34. Rxc7 a4 35. Ra7 Bb3 36. Bc6 e5 37. Bxa4 Be6 38. Re7 Ba2 39. h4 Kf8 40. Rxe5 Kg7 41. f4 Kf6 42. g4 Bf7 43. g5+ hxg5 44. hxg5+ Kg7 45. Re7 Kf8 46. Rb7 Bd5 47. Rc7 Be4 48. Kf2 Bg6 49. Ke3 Bf5 50. Kd4 Bg6 51. Ke5 Bd3 52. Kf6 Kg8 53. Bb3+ Kh8 54. Rc8+ Kh7 55. Bg8+ Kh8 56. Bc4+ Kh7 57. Bxd3# 1-0

[Event "Wch Blitz"]
[Site "Samarkand"]
[Date "2023.12.30"]
[Round "15"]
[White "Kazhgaleyev, Murtas"]
[Black "Wanyama, Harold"]
[Result "1-0"]
[WhiteElo "2490"]
[BlackElo "2238"]
[PlyCount "81"]
[EventDate "2023.12.29"]
[EventType "swiss (blitz)"]
[EventRounds "21"]
[EventCountry "UZB"]
[SourceTitle "CBM 217 Extra"]
[Source "ChessBase"]
[SourceDate "2024.01.31"]
[SourceVersion "1"]
[SourceVersionDate "2024.01.31"]
[SourceQuality "1"]

1. d4 d5 2. c4 e6 3. Nc3 Be7 4. Nf3 Nf6 5. Bg5 0-0 6. e3 c6 7. Bd3 dxc4 8. Bxc4 b5 9. Bd3 a6 10. a4 b4 11. Bxf6 Bxf6 12. Ne4 Be7 13. 0-0 Nd7 14. Qc2 Bb7 15. Rfd1 Rc8 16. Nc5 Nxc5 17. dxc5 Qa5 18. Bxh7+ Kh8 19. Rd7 Rc7 20. Rxc7 Qxc7 21. Be4 Rd8 22. Rc1 a5 23. Qc4 Bf6 24. Bb1 g6 25. Qe2 Kg7 26. h4 Rd7 27. g3 Bc8 28. Kg2 e5 29. h5 gxh5 30. Qc2 e4 31. Qxe4 Rd5 32. Qh7+ Kf8 33. Be4 Rd8 34. b3 Bg4 35. Nh2 Qd7 36. Nxg4 hxg4 37. Qh6+ Ke7 38. Qf4 Qe6 39. Rc4 Rd2 40. Bf5 Qe5 41. Re4 1-0

[Event "Wch Blitz"]
[Site "Samarkand"]
[Date "2023.12.29"]
[Round "6"]
[White "Begmuratov, Khumoyun"]
[Black "Kazhgaleyev, Murtas"]
[Result "0-1"]
[WhiteElo "2371"]
[BlackElo "2490"]
[PlyCount "240"]
[EventDate "2023.12.29"]
[EventType "swiss (blitz)"]
[EventRounds "21"]
[EventCountry "UZB"]
[SourceTitle "CBM 217 Extra"]
[Source "ChessBase"]
[SourceDate "2024.01.31"]
[SourceVersion "1"]
[SourceVersionDate "2024.01.31"]
[SourceQuality "1"]

1. e4 c5 2. Nf3 e6 3. d4 cxd4 4. Nxd4 Nc6 5. Nc3 d6 6. g3 a6 7. Bg2 Bd7 8. 0-0 Nge7 9. Be3 Nxd4 10. Qxd4 Nc6 11. Qd2 Be7 12. Bf4 Ne5 13. Rad1 Qc7 14. Ne2 Rd8 15. c3 Nc4 16. Qc2 0-0 17. b3 Ne5 18. h3 b5 19. Be3 Rc8 20. f4 Nc6 21. Qd2 Rfd8 22. Rc1 Be8 23. Rfd1 Qb8 24. Kh2 h6 25. Qe1 e5 26. Qf2 Qb7 27. Rd2 Bf6 28. Rcd1 Qe7 29. f5 Nb8 30. Bb6 Rd7 31. Bf3 Bg5 32. Be3 Bxe3 33. Qxe3 Rdd8 34. Rd3 Rc6 35. Qd2 Kf8 36. Rf1 Nd7 37. Qe3 Nf6 38. Rd2 Rcc8 39. Rfd1 Bc6 40. g4 Rd7 41. Ng3 Rcd8 42. Qb6 Bb7 43. c4 bxc4 44. bxc4 Ne8 45. c5 dxc5 46. Rxd7 Rxd7 47. Rxd7 Qxd7 48. Qxc5+ Qd6 49. Qe3 Qe7 50. Ne2 Nf6 51. Kg3 Kg8 52. h4 Nh7 53. Nc3 Qb4 54. Qd3 Nf8 55. Nd5 Bxd5 56. exd5 Qd6 57. Be4 Nd7 58. g5 Nc5 59. Qc4 Qb6 60. Kg4 a5 61. a3 Qd6 62. Bc2 Qe7 63. Qb5 e4 64. Qb8+ Kh7 65. Qf4 Nd3 66. Qe3 Ne5+ 67. Kg3 hxg5 68. hxg5 Nc4 69. Qxe4 Qxg5+ 70. Kh3 Nd6 71. Qe5 Qh6+ 72. Kg3 Qg5+ 73. Kf3 Qd8 74. f6+ Kg8 75. fxg7 Ne8 76. Qf5 Kxg7 77. Qh7+ Kf8 78. Qh8+ Ke7 79. Qe5+ Kf8 80. Qh8+ Ke7 81. Qh4+ Nf6 82. Be4 Qd6 83. a4 Qa3+ 84. Ke2 Qb4 85. d6+ Qxd6 86. Bf3 Qe5+ 87. Kf2 Qc5+ 88. Kg2 Qe5 89. Qc4 Kf8 90. Qc8+ Kg7 91. Qc4 Qg5+ 92. Kf2 Qe5 93. Kg2 Ne8 94. Qg4+ Kf8 95. Qh4 Nd6 96. Qd8+ Kg7 97. Qh4 Qf6 98. Qe1 Qg5+ 99. Kf2 Qf4 100. Qc3+ Kf8 101. Ke2 Qxa4 102. Qh8+ Ke7 103. Qe5+ Kd7 104. Kf2 Qb4 105. Kg3 a4 106. Bg4+ Kc7 107. Qe7+ Kb6 108. Qd8+ Kc5 109. Qc7+ Kd4 110. Bf3 a3 111. Qa7+ Qc5 112. Qa4+ Kc3 113. Qf4 Nf5+ 114. Kg4 Ne3+ 115. Kg3 Nf5+ 116. Kg4 Ne3+ 117. Kh4 Qd4 118. Be4 a2 119. Qc7+ Kd2 120. Qh2+ Kc3 0-1

[Event "Wch Blitz"]
[Site "Samarkand"]
[Date "2023.12.29"]
[Round "7"]
[White "Kazhgaleyev, Murtas"]
[Black "Van Foreest, Jorden"]
[Result "0-1"]
[WhiteElo "2490"]
[BlackElo "2679"]
[PlyCount "152"]
[EventDate "2023.12.29"]
[EventType "swiss (blitz)"]
[EventRounds "21"]
[EventCountry "UZB"]
[SourceTitle "CBM 217 Extra"]
[Source "ChessBase"]
[SourceDate "2024.01.31"]
[SourceVersion "1"]
[SourceVersionDate "2024.01.31"]
[SourceQuality "1"]

1. g3 d5 2. Nf3 g6 3. Bg2 Bg7 4. c4 dxc4 5. Qa4+ Nc6 6. Qxc4 e5 7. 0-0 Nge7 8. Nc3 0-0 9. d3 h6 10. Rd1 Be6 11. Qa4 Qd7 12. Be3 Nf5 13. Bc5 Rfd8 14. e3 b6 15. Ba3 a6 16. Qc2 a5 17. Qe2 Nb4 18. Ne1 Rac8 19. b3 h5 20. Rac1 c5 21. Ne4 Qe7 22. Nf3 Bd5 23. h3 Bb7 24. Ne1 Ba6 25. Ra1 Rc7 26. Bxb4 axb4 27. a3 bxa3 28. Rxa3 Bb7 29. Ra2 Bd5 30. Rb2 Ra7 31. Nf3 Ra3 32. Nfd2 Raa8 33. Rdb1 Nh6 34. Nc4 Rab8 35. b4 f5 36. Ned2 Bxg2 37. Kxg2 e4 38. Rb3 exd3 39. Rxd3 cxb4 40. Kg1 Nf7 41. Nf3 Bc3 42. Rxd8+ Rxd8 43. Nxb6 Qe4 44. Rc1 b3 45. Nc4 b2 46. Nxb2 Bxb2 47. Qxb2 Qxf3 48. Qf6 Rd1+ 49. Rxd1 Qxd1+ 50. Kg2 Qd5+ 51. Kg1 Qd6 52. Qc3 Ne5 53. h4 Qd1+ 54. Kg2 Qd5+ 55. Kg1 Kf7 56. Qc7+ Ke6 57. Qc8+ Qd7 58. Qg8+ Kd6 59. Qf8+ Kd5 60. Qb4 Qc6 61. Qd2+ Ke6 62. Qa2+ Kf6 63. Qb2 Ke6 64. Qa2+ Qc4 65. Qb2 Kd5 66. Kg2 Qe4+ 67. Kg1 Qc4 68. Qb7+ Qc6 69. Qe7 Ke4 70. Qb4+ Qc4 71. Qb1+ Qd3 72. Qb7+ Qd5 73. Qb1+ Kf3 74. Qf1 Kg4 75. Qe2+ Qf3 76. Qb2 Kh3 0-1